Louis XIV (Record no. 136792)

MARC details
000 -LEADER
campo de control de longitud fija 00662nam a2200217 4500
001 - NÚMERO DE CONTROL
campo de control 136792
003 - IDENTIFICADOR DE NÚMERO DE CONTROL
campo de control ES-MaACL
005 - FECHA Y HORA DE LA ÚLTIMA TRANSACCIÓN
campo de control 20230906195228.0
007 - CAMPO FIJO DE DESCRIPCIÓN FÍSICA--INFORMACIÓN GENERAL
campo de control de longitud fija t|
008 - DATOS DE LONGITUD FIJA--INFORMACIÓN GENERAL
campo de control de longitud fija 070214s1949 fr r ||||1| fre d
100 1# - ENTRADA PRINCIPAL--NOMBRE DE PERSONA
Nombre de persona Sagnac, Philippe.
9 (RLIN) 101441
245 10 - MENCIÓN DEL TÍTULO
Título Louis XIV
Resto del título : (1661-1715) /
Mención de responsabilidad, etc. Philippe Sagnac, A. de Saint-Leger.
250 ## - MENCION DE EDICION
Mención de edición 3ª. ed. rev. et aug.
260 ## - PUBLICACIÓN, DISTRIBUCIÓN, ETC.
Lugar de publicación, distribución, etc. Paris :
Nombre del editor, distribuidor, etc. Presses Universitaires de France,
Fecha de publicación, distribución, etc. 1949.
300 ## - DESCRIPCIÓN FÍSICA
Extensión 702 p. ;
Dimensiones 23 cm.
490 1# - MENCIÓN DE SERIE
Mención de serie Peuples et civilisations
700 1# - ENTRADA AGREGADA--NOMBRE PERSONAL
Nombre de persona Saint-Leger, A. de.
9 (RLIN) 101534
830 0# - PUNTO DE ACCESO ADICIONAL DE SERIE-TÍTULO UNIFORME
Título uniforme Peuples et civilisations
9 (RLIN) 183588
852 ## - LOCALIZACIÓN
Ubicación ES-MaACL
Número de control de estantería C-32704
Sublocalización o colección R.63483
Holdings
Estatus retirado Estado de pérdida Estado de daño No para préstamo Biblioteca de origen Biblioteca actual Ubicación en estantería Fecha de adquisición Fuente de adquisición Total de préstamos Signatura topográfica completa Código de barras Visto por última vez Precio de reemplazo Tipo de ítem Koha
        Biblioteca del Ateneo de Madrid Biblioteca del Ateneo de Madrid Depósito 2 17/01/2008     C-32704 1142359 23/02/2023 23/02/2023 Libro impreso